| 000 | 00801nam a22002297a 4500 | ||
|---|---|---|---|
| 003 | OSt | ||
| 005 | 20230125094034.0 | ||
| 008 | 171014s2003 cr||||| |||| 00| 0 spa d | ||
| 040 | _cLado V | ||
| 082 | 0 | 4 |
_a708 _bB664b |
| 100 | 1 |
_aAlvarado Venegas, Ileana. _96046 |
|
| 245 | 1 | 0 |
_aBocaracá : _ccuraduría por Ileana Alvarado Venegas ; Fundación Museos del Banco Central. _b1989 |
| 250 | _a1a edición. | ||
| 260 |
_aSan José, Costa Rica : _bFundación Museos del Banco Central, _c1989 |
||
| 300 |
_a8páginas : _bilustraciones en color. _c22x28cm |
||
| 653 | 1 | 0 | _aArte contemporáneo |
| 653 | 1 | 0 | _aArte costarricense |
| 653 | 1 | 0 | _aArtistas costarricenses |
| 653 | 1 | 0 | _aArtes visuales - Costa Rica |
| 653 | 1 | 0 | _aColectivos artísticos |
| 942 |
_2ddc _c1 _h708 _iB664b _n0 |
||
| 999 |
_c2863 _d2863 |
||